<?xml version="1.0" encoding="UTF-8"?>
<record
    xmlns:xsi="http://www.w3.org/2001/XMLSchema-instance"
    xsi:schemaLocation="http://www.loc.gov/MARC21/slim http://www.loc.gov/standards/marcxml/schema/MARC21slim.xsd"
    xmlns="http://www.loc.gov/MARC21/slim">

  <leader>00518nam a2200181   4500</leader>
  <controlfield tag="003">SEACOMMC</controlfield>
  <controlfield tag="005">20250501153155.0</controlfield>
  <controlfield tag="008">241105b        |||||||| |||| 00| 0 eng d</controlfield>
  <datafield tag="020" ind1=" " ind2=" ">
    <subfield code="a"> 978-81-22440-11-9</subfield>
    <subfield code="c">Rs.280.00</subfield>
  </datafield>
  <datafield tag="040" ind1=" " ind2=" ">
    <subfield code="a">SEACOMMC</subfield>
  </datafield>
  <datafield tag="082" ind1=" " ind2=" ">
    <subfield code="a"> 330.954</subfield>
    <subfield code="b">A 227</subfield>
  </datafield>
  <datafield tag="100" ind1=" " ind2=" ">
    <subfield code="a">Agrawal, A N</subfield>
  </datafield>
  <datafield tag="245" ind1="1" ind2=" ">
    <subfield code="a">Indian Economy Problems of Development and Planning /</subfield>
    <subfield code="c">A N Agrawal</subfield>
  </datafield>
  <datafield tag="250" ind1=" " ind2=" ">
    <subfield code="a">rev.33rd ed.</subfield>
  </datafield>
  <datafield tag="260" ind1=" " ind2=" ">
    <subfield code="a">Kolkata</subfield>
    <subfield code="b"> New Age International </subfield>
    <subfield code="c"> 2007</subfield>
  </datafield>
  <datafield tag="650" ind1=" " ind2=" ">
    <subfield code="a"> Economic History -- India</subfield>
  </datafield>
  <datafield tag="942" ind1=" " ind2=" ">
    <subfield code="c">BOOK</subfield>
  </datafield>
  <datafield tag="952" ind1=" " ind2=" ">
    <subfield code="0">0</subfield>
    <subfield code="1">0</subfield>
    <subfield code="2">ddc</subfield>
    <subfield code="4">0</subfield>
    <subfield code="7">0</subfield>
    <subfield code="a">SEACOMMC</subfield>
    <subfield code="b">SEACOMMC</subfield>
    <subfield code="c">REF</subfield>
    <subfield code="d">2007-11-14</subfield>
    <subfield code="l">0</subfield>
    <subfield code="o"> 330.954 A 227</subfield>
    <subfield code="p">M-836</subfield>
    <subfield code="r">2024-11-05 11:54:48</subfield>
    <subfield code="w">2024-11-05</subfield>
    <subfield code="y">BOOK</subfield>
  </datafield>
  <datafield tag="952" ind1=" " ind2=" ">
    <subfield code="0">0</subfield>
    <subfield code="1">0</subfield>
    <subfield code="2">ddc</subfield>
    <subfield code="4">0</subfield>
    <subfield code="7">0</subfield>
    <subfield code="a">SEACOMMC</subfield>
    <subfield code="b">SEACOMMC</subfield>
    <subfield code="d">2007-11-14</subfield>
    <subfield code="l">0</subfield>
    <subfield code="o"> 330.954 A 227</subfield>
    <subfield code="p">M-837</subfield>
    <subfield code="r">2024-11-05 11:55:11</subfield>
    <subfield code="t">1</subfield>
    <subfield code="w">2024-11-05</subfield>
    <subfield code="y">BOOK</subfield>
  </datafield>
  <datafield tag="952" ind1=" " ind2=" ">
    <subfield code="0">0</subfield>
    <subfield code="1">0</subfield>
    <subfield code="2">ddc</subfield>
    <subfield code="4">0</subfield>
    <subfield code="7">0</subfield>
    <subfield code="a">SEACOMMC</subfield>
    <subfield code="b">SEACOMMC</subfield>
    <subfield code="d">2008-01-31</subfield>
    <subfield code="l">0</subfield>
    <subfield code="o"> 330.954 A 227</subfield>
    <subfield code="p">M-1865</subfield>
    <subfield code="r">2024-11-05 11:57:05</subfield>
    <subfield code="t">2</subfield>
    <subfield code="w">2024-11-05</subfield>
    <subfield code="y">BOOK</subfield>
  </datafield>
  <datafield tag="952" ind1=" " ind2=" ">
    <subfield code="0">0</subfield>
    <subfield code="1">0</subfield>
    <subfield code="2">ddc</subfield>
    <subfield code="4">0</subfield>
    <subfield code="7">0</subfield>
    <subfield code="a">SEACOMMC</subfield>
    <subfield code="b">SEACOMMC</subfield>
    <subfield code="d">2008-01-31</subfield>
    <subfield code="l">0</subfield>
    <subfield code="o"> 330.954 A 227</subfield>
    <subfield code="p">M-1866</subfield>
    <subfield code="r">2024-11-05 11:57:05</subfield>
    <subfield code="t">3</subfield>
    <subfield code="w">2024-11-05</subfield>
    <subfield code="y">BOOK</subfield>
  </datafield>
  <datafield tag="952" ind1=" " ind2=" ">
    <subfield code="0">0</subfield>
    <subfield code="1">0</subfield>
    <subfield code="2">ddc</subfield>
    <subfield code="4">0</subfield>
    <subfield code="7">0</subfield>
    <subfield code="a">SEACOMMC</subfield>
    <subfield code="b">SEACOMMC</subfield>
    <subfield code="d">2008-01-31</subfield>
    <subfield code="l">0</subfield>
    <subfield code="o"> 330.954 A 227</subfield>
    <subfield code="p">M-1867</subfield>
    <subfield code="r">2024-11-05 11:57:05</subfield>
    <subfield code="t">4</subfield>
    <subfield code="w">2024-11-05</subfield>
    <subfield code="y">BOOK</subfield>
  </datafield>
  <datafield tag="952" ind1=" " ind2=" ">
    <subfield code="0">0</subfield>
    <subfield code="1">0</subfield>
    <subfield code="2">ddc</subfield>
    <subfield code="4">0</subfield>
    <subfield code="7">0</subfield>
    <subfield code="a">SEACOMMC</subfield>
    <subfield code="b">SEACOMMC</subfield>
    <subfield code="d">2009-08-25</subfield>
    <subfield code="l">0</subfield>
    <subfield code="o"> 330.954 A 227</subfield>
    <subfield code="p">M-2267</subfield>
    <subfield code="r">2024-11-05 11:58:27</subfield>
    <subfield code="t">5</subfield>
    <subfield code="w">2024-11-05</subfield>
    <subfield code="y">BOOK</subfield>
  </datafield>
  <datafield tag="952" ind1=" " ind2=" ">
    <subfield code="0">0</subfield>
    <subfield code="1">0</subfield>
    <subfield code="2">ddc</subfield>
    <subfield code="4">0</subfield>
    <subfield code="7">0</subfield>
    <subfield code="a">SEACOMMC</subfield>
    <subfield code="b">SEACOMMC</subfield>
    <subfield code="d">2009-08-25</subfield>
    <subfield code="l">0</subfield>
    <subfield code="o"> 330.954 A 227</subfield>
    <subfield code="p">M-2268</subfield>
    <subfield code="r">2024-11-05 11:58:27</subfield>
    <subfield code="t">6</subfield>
    <subfield code="w">2024-11-05</subfield>
    <subfield code="y">BOOK</subfield>
  </datafield>
  <datafield tag="999" ind1=" " ind2=" ">
    <subfield code="c">738</subfield>
    <subfield code="d">738</subfield>
  </datafield>
</record>
